000 01102naa a22003257a 4500
001 BR7901322
003 BR-BrBNA
005 20240918174322.0
007 ta
008 230509b bl.||||| |||| 00| 0 por d
040 _aBR-BrBNA
_bpor
_cBiblioteca Nacional de Agricultura
041 _a(Pt)
072 _aF60; F25
_b0120
_bG514
090 _aF60 BR7901322
100 1 _aMalavolta, E.
100 1 _aDantas, J.P.
245 1 _aNutricao e adubacao do milho [Zea mays, Brasil]
260 3 _aSao Paulo, SP (Brasil):
_c1978.
500 _aPaterniani, E. (ed.) Melhoramento e producao do milho no Brasil Sao Paulo, SP (Brasil): 1978. p. 429-479 (BR7901322-AM)F60
650 _aNUTRICAO VEGETAL
650 _aFERTILIDADE DO SOLO
650 _aMILHO
650 _aNPK
650 _aANALISE FOLIAR
650 _aADUBACAO
650 _aABSORCAO
773 0 _tMelhoramento e producao do milho no Brasil
_aPaterniani, E. (ed.). Fundacao Cargill, Sao Paulo, SP (Brasil)
_wF60 BR7901322
_gSao Paulo, SP (Brasil), 1978. p. 429-479
909 _a202404
_bLucia
_c55
_dLucia Elande
942 _cAM
_2AGRIS
999 _c310363
_d310363